| 000 | 01137nam a22003497a 4500 | ||
|---|---|---|---|
| 001 | 24381493 | ||
| 003 | KWIU | ||
| 005 | 20241223111530.0 | ||
| 008 | 980429n1992 xx u001 0 eng u | ||
| 020 | _a9789389702132 | ||
| 025 | _a000000076444 | ||
| 040 |
_aNLM _cNLM _beng _deng |
||
| 041 | _aeng | ||
| 049 | _aVZYM | ||
| 080 |
_a616.8 _bH-13 |
||
| 096 | _aWL 141 H136d 1992 | ||
| 100 | 1 |
_aHaerer, Armin F., _d1934- |
|
| 245 | 1 | 0 |
_aDeJong's the neurologic examination. _c/ by: J. B. Lippincott Company |
| 250 | _aSouth Asian Edition | ||
| 260 |
_aWolkers Kluver _c2020 |
||
| 300 |
_axi,959 p. : _bill., port. ; |
||
| 500 | _aRev. ed. of: The neurologic examination / Russell N. DeJong. 4th ed. c1979. | ||
| 504 | _aIncludes bibliographical references and index. | ||
| 590 | _ac. 1 930207 Login 9/4/92 $90. | ||
| 650 | 2 | _aNeurologic Examination. | |
| 650 | 0 |
_aNeurology _9100 |
|
| 653 | _aნევროლოგია | ||
| 653 | _aნევროლოგიური გასინჯვა | ||
| 700 | 1 |
_aDeJong, Russell N. _tNeurologic examination. |
|
| 740 | 0 | _aNeurologic examination. | |
| 942 |
_2udc _cBK _e5 |
||
| 999 |
_c2264 _d2264 |
||